Greek or Latin? Quiz Stats

Quiz Updated Aug 23, 2012

Also try: Kangaroo Words
Challenge
Share
Tweet
Embed
Score 0/40 Timer 05:00
1 Play Today
English Word Enter G or L % Correct
Necropolis???
77.1%
Laudable???
75.8%
Agoraphobia???
75.8%
Prepare???
75.5%
Sinister???
75.4%
Etymology???
74.9%
Psychiatry???
74.7%
Polygamy???
74.5%
Reside???
74.5%
Pterodactyl???
74.3%
Defend???
74%
Infant???
73.6%
Vulpine???
73.2%
Translate???
72.6%
Sentient???
72.6%
Hippopotamus???
72.5%
Feminine???
72.4%
Bonus???
71.2%
Ergonomics???
69.5%
Sequence???
68.8%
English Word Enter G or L % Correct
Morbid???
68.3%
Ethics???
68.1%
Irascible???
67.4%
Flatulence???
67.4%
Suture???
66.1%
Zoo???
65.7%
Audacious???
64.9%
Cognitive???
64.4%
Architect???
64.2%
Podiatry???
63.8%
Asteroid???
63.5%
Somnambulate???
63.4%
Autograph???
63.3%
Monolith???
61.7%
Cycle???
61.5%
Telephone???
60.6%
Thermal???
56.8%
Glucose???
54.2%
Acerbic???
52.7%
Moron???
48.3%

You're not logged in!

Compare scores with friends on all Sporcle quizzes.
Sign Up with Email
OR
Log In

You Might Also Like...

Show Comments

Extras

Top Quizzes Today


Score Distribution

Your Account Isn't Verified!

In order to create a playlist on Sporcle, you need to verify the email address you used during registration. Go to your Sporcle Settings to finish the process.